Statistics for Greatest Singers of All Time

Click here to take the quiz!

General Stats

  • This quiz has been taken 4,791 times
  • The average score is 25 of 100

Answer Stats

#Singer% Correct
25Michael Jackson
80%
3Elvis Presley
70%
5John Lennon
69%
38Elton John
68%
11Paul McCartney
59%
34Whitney Houston
59%
1Aretha Franklin
57%
18Freddie Mercury
54%
16Mick Jagger
51%
7Bob Dylan
48%
79Mariah Carey
45%
9Stevie Wonder
39%
36Bruce Springsteen
38%
23David Bowie
38%
45Kurt Cobain
38%
30Prince
38%
10James Brown
37%
28Janis Joplin
37%
6Marvin Gaye
37%
21Johnny Cash
36%
17Tina Turner
36%
32Bono
35%
47Jim Morrison
35%
2Ray Charles
35%
24Van Morrison
35%
15Robert Plant
33%
41Chuck Berry
32%
22Etta James
32%
19Bob Marley
31%
83Patti Smith
31%
99Steven Tyler
31%
96B.B. King
30%
63Dion
30%
43George Jones
30%
67Jerry Lee Lewis
29%
64Axl Rose
28%
73Dolly Parton
28%
48Buddy Holly
27%
27Hank Williams
27%
37Neil Young
27%
74James Taylor
26%
8Otis Redding
26%
76Steve Perry
25%
52Brian Wilson
24%
26Jackie Wilson
24%
86Art Garfunkel
23%
13Roy Orbison
23%
4Sam Cooke
23%
12Little Richard
22%
53Muddy Waters
22%
58Christina Aguilera
21%
59Rod Stewart
21%
61Roger Daltrey
21%
98Stevie Nicks
21%
14Al Green
20%
88Willie Nelson
20%
20Smokey Robinson
19%
35Dusty Springfield
17%
42Joni Mitchell
17%
62Lou Reed
17%
55Paul Rodgers
17%
78Sly Stone
16%
93Annie Lennox
14%
75Iggy Pop
14%
94Karen Carpenter
14%
51Gladys Knight
13%
97Joe Cocker
13%
29Nina Simone
13%
46Patsy Cline
13%
84Darlene Love
12%
87Don Henley
12%
72John Fogerty
12%
100Mary J. Blige
12%
92Morrissey
12%
90The Everly Brothers
12%
80Frankie Valli
11%
95Patti LaBelle
11%
66Thom Yorke
11%
60Björk
10%
40Curtis Mayfield
10%
70Gregg Allman
10%
54Luther Vandross
10%
85Sam Moore
10%
50Bonnie Raitt
9%
39Jeff Buckley
9%
81John Lee Hooker
9%
82Tom Waits
9%
68Wilson Pickett
9%
57Eric Burdon
8%
33Steve Winwood
8%
31Howlin' Wolf
7%
91Levon Helm
7%
77Merle Haggard
7%
69Ronnie Spector
7%
89Solomon Burke
7%
44Bobby "Blue" Bland
6%
65David Ruffin
6%
56Mavis Staples
6%
49Donny Hathaway
5%
71Toots Hibbert
5%

Score Distribution

Percentile by Number Answered

Percent of People with Each Score

Your Score History

You have not taken this quiz